Los educadores y la escuela paralela en Guatemala y Costa Rica

保存先:
書誌詳細
第一著者: González Orellana, Carlos
フォーマット: テキスト
出版事項: San José: s.e.
タグ: タグ追加
タグなし, このレコードへの初めてのタグを付けませんか!

MARC

LEADER 00000 a a2200000 04500
001 21478
003
040
090 |a 094800  
100 |a González Orellana, Carlos  
245 |a Los educadores y la escuela paralela en Guatemala y Costa Rica  
260 |a San José:   |b s.e.  
300 |a 149 p.  
999 |c 11256  |d 11256